Welcome to CU Library Online Public Access Catalogue (OPAC)

Subsistence agriculture & economic development / (Record no. 1521)

MARC details
000 -LEADER
fixed length control field 00837cam a2200229 a 4500
001 - CONTROL NUMBER
control field 15147028
005 - DATE AND TIME OF LATEST TRANSACTION
control field 20241125162928.0
008 - FIXED-LENGTH DATA ELEMENTS--GENERAL INFORMATION
fixed length control field 080118r20081969njua b 101 0 eng
020 ## - INTERNATIONAL STANDARD BOOK NUMBER
International Standard Book Number 9780202362250 (alk. paper)
050 00 - LIBRARY OF CONGRESS CALL NUMBER
Classification number HD1417
Item number .W47 2008
082 00 - DEWEY DECIMAL CLASSIFICATION NUMBER
Classification number 338.109172/4
Edition information 22
245 00 - TITLE STATEMENT
Title Subsistence agriculture & economic development /
Statement of responsibility, etc. edited by Clifton R. Wharton, Jr.
260 ## - PUBLICATION, DISTRIBUTION, ETC.
Place of publication, distribution, etc. Piscataway, N.J. :
Name of publisher, distributor, etc. AldineTransaction,
Date of publication, distribution, etc. 2008.
300 ## - PHYSICAL DESCRIPTION
Extent xiii, 481 p. :
Other physical details ill. ;
Dimensions 26 cm.
500 ## - GENERAL NOTE
General note Reprint. Originally published in 1969.
650 #0 - SUBJECT ADDED ENTRY--TOPICAL TERM
Topical term or geographic name entry element Peasants
Form subdivision Congresses.
650 #0 - SUBJECT ADDED ENTRY--TOPICAL TERM
Topical term or geographic name entry element Agriculture
General subdivision Economic aspects
Geographic subdivision Developing countries
Form subdivision Congresses.
700 1# - ADDED ENTRY--PERSONAL NAME
Personal name Wharton, Clifton R.,
Dates associated with a name 1926-
710 2# - ADDED ENTRY--CORPORATE NAME
Corporate name or jurisdiction name as entry element Agricultural Development Council.
710 2# - ADDED ENTRY--CORPORATE NAME
Corporate name or jurisdiction name as entry element East-West Center.
Subordinate unit Institute of Advanced Projects.
942 ## - ADDED ENTRY ELEMENTS (KOHA)
Source of classification or shelving scheme Library of Congress Classification
Koha item type Books
Suppress in OPAC No
999 ## -
-- 1521
-- 1521
Holdings
Withdrawn status Lost status Source of classification or shelving scheme Damaged status Not for loan Collection Home library Current library Shelving location Date acquired Total checkouts Full call number Barcode Date last seen Copy number Price effective from Koha item type
    Library of Congress Classification     Non-fiction Graduate Library (Christ Temple) Graduate Library (Christ Temple) General stacks 11/25/2024   HD 1417 SUB GSCT00000123 11/25/2024 1 11/25/2024 Books
© 2023-2024 Copyright: Central University Libraries. All Rights Reserved | Created by: Mahone Tech Office